ბათუმის შოთა რუსთაველის სახელმწიფო უნივერსიტეტის ბიბლიოთეკა

Методы теории обыкновенных дифференциальных уравнений. (ბიბ.ჩანაწერი № 38937)

000 -LEADER
fixed length control field 00609nam a2200193Ia 4500
001 - CONTROL NUMBER
control field 5360
003 - CONTROL NUMBER IDENTIFIER
control field GE_BSU
008 - FIXED-LENGTH DATA ELEMENTS--GENERAL INFORMATION
fixed length control field 181216s||||||||xx |||||||||||||| ||und||
040 ## - CATALOGING SOURCE
Transcribing agency GE_BSU
080 ## - UNIVERSAL DECIMAL CLASSIFICATION NUMBER
Universal Decimal Classification number 517.91
100 ## - MAIN ENTRY--PERSONAL NAME
Personal name Гаврилов Н.И.
245 ## - TITLE STATEMENT
Title Методы теории обыкновенных дифференциальных уравнений.
260 ## - PUBLICATION, DISTRIBUTION, ETC.
Place of publication, distribution, etc. Москва
260 ## - PUBLICATION, DISTRIBUTION, ETC.
Name of publisher, distributor, etc. Высш. школа
260 ## - PUBLICATION, DISTRIBUTION, ETC.
Date of publication, distribution, etc. 1962
300 ## - PHYSICAL DESCRIPTION
Extent 312 с. 22 см.
653 ## - INDEX TERM--UNCONTROLLED
Uncontrolled term Методы теории обыкновенных дифференциальных уравнений.
942 ## - ADDED ENTRY ELEMENTS (KOHA)
Koha item type წიგნი
ეგზემპლარები
Withdrawn status Lost status Damaged status Not for loan Date acquired Barcode Date last seen Price effective from Koha item type Public note
        2018-12-17 16321 2018-12-17 2018-12-17 წიგნი დარბაზი